000 00367nam a2200133Ia 4500
008 190216s9999||||xx |||||||||||||| ||und||
100 _aRobert Eisberg And Robert Resnick
245 0 _a"Quantum Physics Of Atoms, Molecules, Solids, Nuclei, And Particles"
250 _a2nd
260 _bWiley Students
_c2009
300 _a849 849
650 _aPhysics
942 _cBK
999 _c34395
_d34395